ბათუმის შოთა რუსთაველის სახელმწიფო უნივერსიტეტის ბიბლიოთეკა

მშენებლობაში დაპროექტებისა და მექანიზაციის საშუალებათა ეფექტიანობის განსაზღვრის საკითხები / (ბიბ.ჩანაწერი № 37552)

000 -ლიდერი
ფიქსირებული სიგრძის საკონტროლო ველი 01178nam a2200229Ia 4500
001 - საკონტროლო ნომერი
საკონტროლო ველი 3518
003 - საკონტროლო ნომრის იდენტიფიკატორი
საკონტროლო ველი GE_BSU
005 - ბოლო ოპერაციის თარიღი და დრო
საკონტროლო ველი 20190611142214.0
008 - ფიქსირებული სიგრძის მონაცემთა ელემენტები - ზოგადი ინფორმაცია
ფიქსირებული სიგრძის საკონტროლო ველი 181216s1980||||ge |||||||||||||| ||geo||
040 ## - კატალოგიზაციის წყარო
Transcribing agency GE_BSU
041 ## - ენის კოდი
Language code of text/sound track or separate title geo
080 ## - უნივერსალური ათობითი კლასიფიკაციის ინდექსი
Universal Decimal Classification number 692(042.4) + 693.002.5(042.4) შ-48
100 ## - მთავარი ჩანაწერი - პიროვნების სახელი
Personal name შენგელია, ი.
9 (RLIN) 1862
245 ## - ცნობა სათაურის შესახებ
Title მშენებლობაში დაპროექტებისა და მექანიზაციის საშუალებათა ეფექტიანობის განსაზღვრის საკითხები /
Statement of responsibility, etc ი. შენგელია ; ჯ. ბიჭიაშვილი ; რედ : ო. კაციტაძე.
264 ## - წარმოების, გამოცემის, დისტრიბუციის და სხვა ცნობები
გამოცემის, წარმოების, დისტრიბუციის... ადგილი თბილისი :
გამოცემის, წარმოების, დისტრიბუციის... სახელწოდება უნ-ტის გამ-ბა,
გამოცემის, წარმოების, დისტრიბუციის... თარიღი 1980.
300 ## - ფიზიკური აღწერა
Extent 251 გვ. ;
Dimensions 21 სმ.
653 ## - INDEX TERM--UNCONTROLLED
Uncontrolled term მშენებლობის დაპროექტება
653 ## - INDEX TERM--UNCONTROLLED
Uncontrolled term სამშენებლო მანქანები
700 ## - ADDED ENTRY--PERSONAL NAME
Personal name ბიჭიაშვილი, ჯ.
9 (RLIN) 1863
Relator term ავტორი
700 ## - ADDED ENTRY--PERSONAL NAME
Personal name კაციტაძე, ო.
Relator term რედაქტორი
9 (RLIN) 806
942 ## - ADDED ENTRY ELEMENTS (KOHA)
Koha item type წიგნი
Source of classification or shelving scheme
ეგზემპლარები
ჩამოწერის სტატუსი დაკარგული ეგზემპლარის სტატუსი კლასიფიკაციის წყარო ან თაროზე გაწყობის სქემა დაზიანების სტატუსი არ გაიცემა მუდმივი მდებარეობა (დაცვის ადგილი) ამჟამინდელი ადგილსამყოფელი თაროზე განთავსების ადგილი შეძენის თარიღი ღირებულება, შესყიდვის ნორმალური ფასი სრული შენახვის შიფრი შტრიხკოდი ბოლო ოპერაციის თარიღი ეგზემპლარის მიმდევრობითი ნომერი (კეტერი?) ფასის ძალაში შესვლის თარიღი ეგზემპლარის სახეობა საჯარო შენიშვნა
          ტექნოლოგიური ფაკულტეტის ბიბლიოთეკა ტექნოლოგიური ფაკულტეტის ბიბლიოთეკა წიგნსაცავი 2018-12-17 1.10 692(042.4) შ-48 9899 2018-12-17 9899 2018-12-17 წიგნი 1 ლ. 10 თ.
          ტექნოლოგიური ფაკულტეტის ბიბლიოთეკა ტექნოლოგიური ფაკულტეტის ბიბლიოთეკა წიგნსაცავი 2019-06-11 1.10 692(042.4) + 693.002.5(042.4) შ-48 12229 2019-06-11 12229 2019-06-11 წიგნი 1.10 ლ.
          ტექნოლოგიური ფაკულტეტის ბიბლიოთეკა ტექნოლოგიური ფაკულტეტის ბიბლიოთეკა წიგნსაცავი 2019-06-11 1.10 692(042.4) + 693.002.5(042.4) შ-48 12230 2019-06-11 12230 2019-06-11 წიგნი 1.10 ლ.